[Event "Wch Seniors 13th"]
[Site "Bad Zwischenahn"]
[Date "2003.11.20"]
[Round "4"]
[White "Katalymov, Boris N"]
[Black "Asmundsson, Ingvar"]
[Result "0-1"]
[WhiteElo "2404"]
[BlackElo "2321"]
[PlyCount "110"]
[EventDate "2003.11.16"]
[EventType "swiss"]
[EventRounds "11"]
[EventCountry "GER"]
[SourceTitle "CBM 097 Extra"]
[Source "ChessBase"]
[SourceDate "2004.01.13"]
[SourceVersion "1"]
[SourceVersionDate "2004.01.13"]
[SourceQuality "1"]

1. d4 f5 2. Nf3 e6 3. g3 Nf6 4. Bg2 d5 5. 0-0 Bd6 6. c4 c6 7. Nc3 0-0 8. c5 Bc7 9. Bf4 Bxf4 10. gxf4 Ne4 11. Qc1 b5 12. Ne5 Nf6 13. b4 a5 14. bxa5 Qxa5 15. a3 Bd7 16. a4 b4 17. Nb1 Na6 18. Nd2 Rfb8 19. Nb3 Qc7 20. a5 Bc8 21. Kh1 Ne4 22. Bxe4 fxe4 23. f3 exf3 24. Rxf3 Bd7 25. Qc2 Rf8 26. Rg1 Be8 27. Rh3 Rf5 28. Rg5 Bg6 29. Nxg6 hxg6 30. Rxg6 Qxf4 31. Rf3 Qh4 32. Rxf5 exf5 33. Qd3 Qe1+ 34. Rg1 Qf2 35. Nd2 Re8 36. Rf1 Qxe2 37. Qxf5 Qe6 38. Qf4 Qe7 39. Qg3 Qe3 40. Qd6 Qxd2 41. Qxc6 Qe2 42. Qxd5+ Qe6 43. Qg2 Qe4 44. c6 Qxd4 45. Qa2+ Kh7 46. Qf7 Qe4+ 47. Rf3 Qb1+ 48. Rf1 Qg6 49. Qd7 Qe4+ 50. Kg1 Re6 51. Rf3 Rxc6 52. Rh3+ Rh6 53. Rxh6+ Kxh6 54. Qh3+ Kg5 55. Qd7 Qg4+ 0-1